000 00420nam a2200157 4500
001 138862
003 ES-MaACL
005 20230906195643.0
007 t|
008 070214s1943 sp r ||||1| spa d
100 1 _aSanz Egaña, C.
_9103635
245 1 0 _aVeterinaria legal /
_cCesáreo Sanz Egaña.
260 _aMadrid :
_bEspasa Calpe,
_c1943.
300 _a297 p. ;
_c22 cm.
852 _aES-MaACL
_jE-1844
_bR.22845
999 _c138862
_d138862